LEADER 02620nam 2200481 450 001 9910828230703321 005 20230801232936.0 010 $a1-61711-692-0 035 $a(CKB)3710000000073462 035 $a(EBL)3404687 035 $a(SSID)ssj0001060221 035 $a(PQKBManifestationID)11665897 035 $a(PQKBTitleCode)TC0001060221 035 $a(PQKBWorkID)11087114 035 $a(PQKB)11618832 035 $a(MiAaPQ)EBC3404687 035 $a(EXLCZ)993710000000073462 100 $a20110324h20122012 uy| 0 101 0 $aeng 135 $aur|n|---||||| 181 $ctxt 182 $cc 183 $acr 200 00$aPterygium $etechniques and technologies for surgical success /$fedited by John A. Hovanesian 210 1$aThorofare, NJ :$cSLACK Incorporated,$d[2012] 210 4$dİ2012 215 $a1 online resource (165 p.) 300 $aDescription based upon print version of record. 311 $a1-55642-978-9 320 $aIncludes bibliographical references. 327 $a""Front Cover""; ""Front Matter""; ""Title Page""; ""Copyright""; ""Dedication""; ""Contents""; ""Acknowledgments""; ""About the Editor""; ""Contributing Authors""; ""Preface""; ""Foreword""; ""Introduction""; ""Chapter 1""; ""Chapter 2""; ""Chapter 3""; ""Chapter 4""; ""Chapter 5""; ""Chapter 6""; ""Chapter 7""; ""Chapter 8""; ""Chapter 9""; ""Chapter 10""; ""Chapter 11""; ""Chapter 12""; ""Financial Disclosures"" 330 $a"Pterygium: Techniques and Technologies for Surgical Success presents the latest advances in ocular surface surgery and new methods to overcome the traditional complications of pterygium surgery. Dr. John Hovanesian and his contributors address the shortcomings of conventional pterygium surgery through a detailed compilation of intraoperative and postoperative patient management. Delivering the latest breakthrough advances in the field, such as fibrin tissue adhesive and amniotic membrane transplantation, this resource presents the newest range of treatment therapies step-by-step. Pterygium: Techniques and Technologies for Surgical Success is an indispensible resource for ophthalmic surgeons, residents, fellows, and assisting staff who must keep up with the latest ocular procedures regarding pterygium surgery"--Provided by publisher. 606 $aPterygium$xSurgery 615 0$aPterygium$xSurgery. 676 $a617.7/1 701 $aHovanesian$b John A.$f1967-$01635667 801 0$bMiAaPQ 801 1$bMiAaPQ 801 2$bMiAaPQ 906 $aBOOK 912 $a9910828230703321 996 $aPterygium$93976573 997 $aUNINA LEADER 01204nam 2200349z- 450 001 9910689415703321 005 20161209100902.0 035 $a(CKB)5860000000031029 035 $a(BIP)008465076 035 $a(EXLCZ)995860000000031029 100 $a20220406c2001uuuu -u- - 101 0 $aeng 200 10$aPort security $eprotecting Florida's ports from the threat of drug trafficking : hearing before the Subcommittee on Criminal Justice, Drug Policy, and Human Resources of the Committee on Government Reform, House of Representatives, One Hundred Sixth Congress, second session, October 31, 2000 215 $a1 online resource (iii, 65 p.) 311 $a0-16-066276-1 517 $aPort Security 606 $aHarbors$xSecurity measures$zFlorida 606 $aDrug control$zFlorida 606 $aDrug traffic$zFlorida 610 $aHarbors 610 $aDrug control 610 $aDrug traffic 610 $aTransportation 610 $aPolitical science 610 $aSocial science 615 0$aHarbors$xSecurity measures 615 0$aDrug control 615 0$aDrug traffic 906 $aBOOK 912 $a9910689415703321 996 $aPort security$93146641 997 $aUNINA